Catálogo
 En Linea

Mujeres y niñas en contexto de desastres : (Registro nro. 52210)

Detalles MARC
000 -CABECERA
campo de control de longitud fija 01051nam a22002657a 4500
003 - IDENTIFICADOR DEL NÚMERO DE CONTROL
campo de control DO-SdBNP
005 - FECHA Y HORA DE LA ÚLTIMA TRANSACCIÓN
campo de control 20220721103629.0
007 - CAMPO FIJO DE DESCRIPCIÓN FÍSICA--INFORMACIÓN GENERAL
campo de control de longitud fija ta
008 - DATOS DE LONGITUD FIJA--INFORMACIÓN GENERAL
campo de control de longitud fija 110301s2013 dr ac 000 0 spa d
040 ## - FUENTE DE LA CATALOGACIÓN
Centro catalogador/agencia de origen DO-SdBNP
Lengua de catalogación spa
Centro/agencia transcriptor BNPHU
082 #4 - NÚMERO DE LA CLASIFICACIÓN DECIMAL DEWEY
Número de clasificación xxxx
Número de documento/Ítem C335m
100 1# - ENTRADA PRINCIPAL--NOMBRE DE PERSONA
Nombre de persona Casares García, Raquel
9 (RLIN) 53018
245 10 - MENCIÓN DE TÍTULO
Título Mujeres y niñas en contexto de desastres :
Resto del título tres estudios de caso sobre vulnerabilidad y capacidades en la República Dominicana /
Mención de responsabilidad, etc. Raquel Casares García ; prólogo Sharon Goulds, Rosa Cañete Alonso ; equipo de investigación Magaly González, Rosmery de la Cruz Suazo
260 ## - PUBLICACIÓN, DISTRIBUCIÓN, ETC.
Lugar de publicación, distribución, etc. [Santo Domingo] :
Nombre del editor, distribuidor, etc. OXFAM,
Fecha de publicación, distribución, etc. 2013.
300 ## - DESCRIPCIÓN FÍSICA
Extensión 59 p. :
Otras características físicas il., retr.
Dimensiones 28 cm.
500 ## - NOTA GENERAL
Nota general Incluye notas a pie de paginas.
504 ## - NOTA DE BIBLIOGRAFÍA, ETC.
Nota de bibliografía, etc. Bibliografía p: 54-55
590 ## - NOTA LOCAL (RLIN)
Nota local Inventariado, 2022/ YL
700 12 - PUNTO DE ACCESO ADICIONAL--NOMBRE DE PERSONA
Nombre de persona Goulds, Sharon
Término indicativo de función/relación prol.
9 (RLIN) 82063
700 12 - PUNTO DE ACCESO ADICIONAL--NOMBRE DE PERSONA
Nombre de persona Cañete Alonso, Rosa
Término indicativo de función/relación prol.
9 (RLIN) 185
700 12 - PUNTO DE ACCESO ADICIONAL--NOMBRE DE PERSONA
Nombre de persona González, Magaly
Término indicativo de función/relación eq. inv.
9 (RLIN) 82064
700 12 - PUNTO DE ACCESO ADICIONAL--NOMBRE DE PERSONA
Nombre de persona Cruz Suazo, Rosmery de la
Término indicativo de función/relación eq. inv.
9 (RLIN) 82065
910 ## - DATOS DE OPCIÓN DEL USUARIO (OCLC)
Datos de opción del usuario YLockward
942 ## - ELEMENTOS DE PUNTO DE ACCESO ADICIONAL (KOHA)
Fuente del sistema de clasificación o colocación Dewey Decimal Classification
Tipo de ítem Koha Libro
Existencias
Estado de retiro Estado de pérdida Fuente del sistema de clasificación o colocación Restricciones de uso No para préstamo Código de colección Localización permanente Ubicación/localización actual Ubicación en estantería Fecha de adquisición Fuente de adquisición Total de préstamos Signatura topográfica completa Código de barras Fecha visto por última vez Precio válido a partir de Tipo de ítem Koha Número de copia
    Dewey Decimal Classification Excluido de préstamo   Patrimonio Dominicano Biblioteca Nacional Pedro Henríquez Ureña Biblioteca Nacional Pedro Henríquez Ureña En catalogación 19.02.2018 Amigo del Hogar   xxxx C335m 2022-3521 21.07.2022 21.07.2022 Libro  
    Dewey Decimal Classification Excluido de préstamo   Patrimonio Dominicano Biblioteca Nacional Pedro Henríquez Ureña Biblioteca Nacional Pedro Henríquez Ureña En catalogación 19.02.2018 Amigo del Hogar   xxxx C335m 2022-3522 21.07.2022 21.07.2022 Libro e. 2

Con tecnología Koha